Bossuet / (Record no. 36976)

MARC details
000 -LEADER
campo de control de longitud fija 00600nam a2200205 i 4500
001 - NÚMERO DE CONTROL
campo de control 36976
003 - IDENTIFICADOR DE NÚMERO DE CONTROL
campo de control ES-MaACL
005 - FECHA Y HORA DE LA ÚLTIMA TRANSACCIÓN
campo de control 20251013202422.0
007 - CAMPO FIJO DE DESCRIPCIÓN FÍSICA--INFORMACIÓN GENERAL
campo de control de longitud fija t|
008 - DATOS DE LONGITUD FIJA--INFORMACIÓN GENERAL
campo de control de longitud fija 030219s1914 fr ||||1| fre d
100 1# - ENTRADA PRINCIPAL--NOMBRE DE PERSONA
Nombre de persona Brunetière, Ferdinand.
9 (RLIN) 32173
245 10 - MENCIÓN DEL TÍTULO
Título Bossuet /
Mención de responsabilidad, etc. Ferdinand Brunetière ; preface de Victor Giraud.
250 ## - MENCION DE EDICION
Mención de edición 2eme ed.
260 ## - PUBLICACIÓN, DISTRIBUCIÓN, ETC.
Lugar de publicación, distribución, etc. París :
Nombre del editor, distribuidor, etc. Hachette et Cie,
Fecha de publicación, distribución, etc. 1914.
300 ## - DESCRIPCIÓN FÍSICA
Extensión XXVIII, 280 p. ;
Dimensiones 19 cm.
600 14 - PUNTO DE ACCESO ADICIONAL DE MATERIA--NOMBRE DE PERSONA
Nombre de persona Bossuet, Jacques Bénigne,
Fechas asociadas al nombre 1627-1704
9 (RLIN) 30723
700 1# - ENTRADA AGREGADA--NOMBRE PERSONAL
Nombre de persona Giraud, Victor.
9 (RLIN) 57245
852 ## - LOCALIZACIÓN
Ubicación ES-MaACL
Número de control de estantería G-8575
Holdings
Estatus retirado Estado de pérdida Estado de daño No para préstamo Biblioteca de origen Biblioteca actual Ubicación en estantería Fecha de adquisición Fuente de adquisición Total de préstamos Signatura topográfica completa Código de barras Visto por última vez Precio de reemplazo Tipo de ítem Koha
        Biblioteca del Ateneo de Madrid Biblioteca del Ateneo de Madrid Sala Pecera Planta 3 17/01/2008     G-8575 1038898 23/02/2023 23/02/2023 Libro impreso